[Event "XXXIV Memorial Edoardo Crespi B"]
[Site "Milano ITA"]
[Date "2013.12.05"]
[Round "2"]
[White "Silivri, Volkan Resat"]
[Black "Guglielmetti, Oscar"]
[WhiteElo "1650"]
[BlackElo "1743"]
[Result "1-0"]
[PlyCount "105"]
[EventDate "2013.12.04"]

1. e4 g6 2. d4 d6 3. Nc3 Bg7 4. f4 Nf6 5. Nf3 O-O 6. a3 Bg4 7. Be2 Nc6 8. d5
Bxf3 9. Bxf3 Nb8 10. Be3 c6 11. O-O cxd5 12. exd5 Nbd7 13. g4 Nb6 14. Bd4 Ne8
15. f5 gxf5 16. gxf5 Be5 17. Kh1 Nf6 18. Rg1+ Kh8 19. Bxe5 dxe5 20. Qe2 Nbd7
21. Rg3 Qb6 22. Na4 Qd4 23. Nc3 Rac8 24. Rd1 Qb6 25. Na4 Qa5 26. Nc3 Qc5 27.
Be4 Rg8 28. Rdg1 Rxg3 29. Rxg3 b5 30. Bd3 a6 31. Qd2 Nh5 32. Rg1 Nf4 33. Qe1
Qd6 34. Qg3 Qh6 35. d6 Nxd3 36. cxd3 exd6 37. Ne4 Rd8 38. Nxd6 Qf8 39. Qg5 f6
40. Qg2 Nb6 41. Ne4 Nd5 42. Nc5 Nf4 43. Qb7 Nxd3 44. Ne6 Nf2+ 45. Kg2 Qg8+ 46.
Kxf2 Rd2+ 47. Ke1 Qxg1+ 48. Kxd2 Qxh2+ 49. Kc1 Qg1+ 50. Kc2 Qf2+ 51. Kb3 Qg3+
52. Ka2 h5 53. Qf7 1-0

[Event "XXXIV Memorial Edoardo Crespi B"]
[Site "Milano ITA"]
[Date "2013.12.05"]
[Round "2"]
[White "Spada, Maurizio"]
[Black "Mariucci, Felice"]
[WhiteElo "1617"]
[BlackElo "1716"]
[Result "1-0"]
[PlyCount "51"]
[EventDate "2013.12.04"]

1. e4 d6 2. d4 Nf6 3. Nc3 g6 4. f4 Bg7 5. Nf3 O-O 6. Bd3 Nc6 7. O-O Ng4 8. Bc4
a6 9. h3 Nf6 10. Be3 b5 11. Bd3 b4 12. Ne2 Nd7 13. f5 Nf6 14. fxg6 hxg6 15. Qd2
Bd7 16. Bh6 Qc8 17. Rf2 Nd8 18. Raf1 c5 19. e5 Nh7 20. Bxg7 Kxg7 21. Ng5 cxd4
22. Nxh7 Kxh7 23. Qg5 Be6 24. Bxg6+ fxg6 25. Rxf8 Bf5 26. Qh4+ 1-0

[Event "XXXIV Memorial Edoardo Crespi B"]
[Site "Milano ITA"]
[Date "2013.12.05"]
[Round "2"]
[White "Uccelli, Federico"]
[Black "Pandini, Giuseppe"]
[WhiteElo "1389"]
[BlackElo "1733"]
[Result "0-1"]
[PlyCount "66"]
[EventDate "2013.12.04"]

1. d4 b6 2. e4 e6 3. Nf3 Bb7 4. Nc3 Bb4 5. Bd3 Nf6 6. Bd2 Bxc3 7. Bxc3 Nxe4 8.
Bxe4 Bxe4 9. Qe2 Bb7 10. Ne5 O-O 11. f4 d6 12. Nf3 a5 13. g4 Nd7 14. h4 Re8 15.
O-O-O Nf6 16. g5 Nh5 17. Rhg1 Nxf4 18. Qe3 Nd5 19. Qd2 Nxc3 20. Qxc3 Bxf3 21.
Qxf3 e5 22. dxe5 Rxe5 23. Rge1 Rxe1 24. Rxe1 d5 25. Kd2 c6 26. Qe3 d4 27. Qe7
Qxe7 28. Rxe7 Rb8 29. Kd3 c5 30. Kc4 Kf8 31. Rc7 Re8 32. c3 dxc3 33. Kxc3 Re4
0-1

[Event "XXXIV Memorial Edoardo Crespi B"]
[Site "Milano ITA"]
[Date "2013.12.05"]
[Round "2"]
[White "Vece, Luigi"]
[Black "Costisanu, Romica"]
[WhiteElo "1628"]
[BlackElo "1483"]
[Result "0-1"]
[PlyCount "44"]
[EventDate "2013.12.04"]

1. e4 e5 2. Nf3 Nc6 3. Bb5 Qf6 4. O-O Bc5 5. Nc3 Nge7 6. d3 h6 7. Be3 Nd4 8.
Bxd4 exd4 9. Ne2 c6 10. Bc4 Ng6 11. Ng3 d6 12. Nh5 Qe7 13. Nxg7+ Kd8 14. Nh5
Bg4 15. Ng3 Nh4 16. Re1 Nxf3+ 17. gxf3 Bh3 18. f4 h5 19. Nxh5 Qh4 20. Ng3 Bg4
21. f3 Qxh2+ 22. Kf1 Bh3# 0-1

[Event "XXXIV Memorial Edoardo Crespi B"]
[Site "Milano ITA"]
[Date "2013.12.05"]
[Round "2"]
[White "Verderame, Alberto"]
[Black "Madaschi, Sergio"]
[WhiteElo "1462"]
[BlackElo "1561"]
[Result "1-0"]
[PlyCount "62"]
[EventDate "2013.12.04"]

1. Nf3 Nf6 2. d4 d5 3. b3 Bf5 4. e3 e6 5. Bd3 Bxd3 6. Qxd3 c5 7. Bb2 Nc6 8. c3
Be7 9. Nbd2 O-O 10. a3 Qc7 11. O-O Rad8 12. c4 cxd4 13. exd4 Qf4 14. Rac1 Rfe8
15. b4 a6 16. c5 Nd7 17. Bc3 Bf6 18. a4 e5 19. dxe5 Ndxe5 20. Nxe5 Nxe5 21.
Bxe5 Bxe5 22. Nf3 Bf6 23. Rb1 Qc7 24. Rfc1 Qc6 25. b5 axb5 26. axb5 Qd7 27. c6
bxc6 28. bxc6 Qe6 29. Rb7 Rc8 30. Qb5 d4 31. c7 Qd7 1-0

[Event "XXXIV Memorial Edoardo Crespi B"]
[Site "Milano ITA"]
[Date "2013.12.05"]
[Round "2"]
[White "Veri', Giustino"]
[Black "Bejo, Armand"]
[WhiteElo "1708"]
[BlackElo "1609"]
[Result "1-0"]
[PlyCount "67"]
[EventDate "2013.12.04"]

1. d4 Nf6 2. Nf3 e6 3. g3 b6 4. Bg2 Bb7 5. O-O Be7 6. a4 c5 7. c3 O-O 8. Bf4
Nh5 9. Bd2 Nf6 10. Re1 d5 11. Bf4 Bd6 12. Bxd6 Qxd6 13. a5 Nc6 14. a6 Bc8 15.
e3 c4 16. Nbd2 Na5 17. b4 cxb3 18. Nxb3 Nc4 19. Nfd2 Nxd2 20. Qxd2 Rb8 21. Ra2
Bd7 22. Bf1 Ne4 23. Qd3 Rbc8 24. Rc1 f5 25. Nd2 Rc7 26. f3 Nxd2 27. Qxd2 Rfc8
28. Rac2 b5 29. Ra1 b4 30. Rb1 Rxc3 31. Rcb2 R8c7 32. Rxb4 Bc8 33. Rb7 Kf7 34.
Qxc3 1-0

[Event "XXXIV Memorial Edoardo Crespi B"]
[Site "Milano ITA"]
[Date "2013.12.06"]
[Round "3"]
[White "Aloe, Giancarlo"]
[Black "Macri', Vincenzo Roberto"]
[WhiteElo "1711"]
[BlackElo "1561"]
[Result "1-0"]
[PlyCount "61"]
[EventDate "2013.12.04"]

1. d4 Nf6 2. Nf3 Nc6 3. g3 d5 4. Bg2 Bf5 5. O-O Qd7 6. Re1 h5 7. a3 Ne4 8. Nbd2
f6 9. c4 O-O-O 10. b4 e6 11. Bb2 g5 12. Qa4 g4 13. Nxe4 gxf3 14. Nxf6 Qf7 15.
exf3 Qxf6 16. Rad1 Bd6 17. b5 Nb8 18. c5 Bf4 19. Qxa7 Rdg8 20. c6 Qg5 21. Bc1
Bxc1 22. Qxb7+ Kd8 23. Qxb8+ Ke7 24. Qxc7+ Kf6 25. Qe5+ Ke7 26. Rxc1 Rh6 27. h4
Qg6 28. Qxd5 Qf6 29. Qd7+ Kf8 30. c7 e5 31. c8=Q+ 1-0

[Event "XXXIV Memorial Edoardo Crespi B"]
[Site "Milano ITA"]
[Date "2013.12.06"]
[Round "3"]
[White "Andolfatto, Maria"]
[Black "Rigotti, Gianluigi"]
[WhiteElo "1496"]
[BlackElo "1594"]
[Result "1-0"]
[PlyCount "63"]
[EventDate "2013.12.04"]

1. e4 e5 2. Nf3 d6 3. h3 Nf6 4. Nc3 Be7 5. Bc4 O-O 6. O-O c6 7. Bb3 Nbd7 8. d4
exd4 9. Nxd4 Nc5 10. Re1 Nxb3 11. axb3 c5 12. Ndb5 a6 13. Nxd6 Qxd6 14. Qxd6
Bxd6 15. e5 Re8 16. Bf4 Bf5 17. exd6 Bxc2 18. Na4 Nd7 19. Re7 Bf5 20. Rc1 Rac8
21. Rxe8+ Rxe8 22. Nxc5 Nxc5 23. Rxc5 Be6 24. Rc7 b5 25. Ra7 h6 26. g4 Bd5 27.
Be3 Kf8 28. Kf1 Ra8 29. d7 Ke7 30. Bc5+ Kd8 31. Bb6+ Ke7 32. d8=Q+ 1-0

[Event "XXXIV Memorial Edoardo Crespi B"]
[Site "Milano ITA"]
[Date "2013.12.06"]
[Round "3"]
[White "Bejo, Armand"]
[Black "Scotti, Luigi"]
[WhiteElo "1609"]
[BlackElo "1470"]
[Result "1-0"]
[PlyCount "61"]
[EventDate "2013.12.04"]

1. e4 g6 2. d4 Bg7 3. Nf3 d6 4. h3 e6 5. Nc3 Nd7 6. Bc4 Ne7 7. O-O a6 8. a3 b5
9. Ba2 Bb7 10. Bg5 h6 11. Bh4 g5 12. Bg3 O-O 13. Nh2 Ng6 14. f4 Nf6 15. f5 exf5
16. exf5 Ne7 17. Qd3 d5 18. Ng4 Rc8 19. b4 h5 20. Ne5 c6 21. Rae1 Nh7 22. h4 f6
23. Ng6 Re8 24. hxg5 Nxg5 25. Bh4 Bh6 26. Nf4 Qd7 27. Nxh5 Qd6 28. Bg3 Qd8 29.
Nxf6+ Kf7 30. Nxe8 Qxe8 31. f6 1-0

[Event "XXXIV Memorial Edoardo Crespi B"]
[Site "Milano ITA"]
[Date "2013.12.06"]
[Round "3"]
[White "Bertora, Silvano"]
[Black "Verderame, Alberto"]
[WhiteElo "1632"]
[BlackElo "1462"]
[Result "0-1"]
[PlyCount "122"]
[EventDate "2013.12.04"]

1. Nf3 d6 2. d4 b5 3. e4 c6 4. c3 Nf6 5. Bd3 Bg4 6. h3 Bh5 7. Be3 e6 8. Nbd2 d5
9. e5 Nfd7 10. g4 Bg6 11. Bc2 Bxc2 12. Qxc2 Be7 13. h4 b4 14. a3 bxa3 15. bxa3
Na6 16. Nb3 c5 17. Bd2 cxd4 18. cxd4 Rc8 19. Qd3 Nc7 20. Ke2 h5 21. g5 g6 22.
Na5 Na8 23. Nb7 Qb6 24. Nd6+ Bxd6 25. exd6 Qxd6 26. Bb4 Qb6 27. Rhc1 Rc6 28.
Rc3 a5 29. Rxc6 Qxc6 30. Bxa5 Qc4 31. Bb4 Qxd3+ 32. Kxd3 f6 33. Bd6 Nab6 34.
gxf6 Nxf6 35. Be5 Rf8 36. Ng5 Ng4 37. f4 Nxe5+ 38. fxe5 Rf4 39. a4 Rxh4 40. a5
Rg4 41. Nxe6 Rg3+ 42. Kc2 Rg2+ 43. Kb3 Na8 44. Nf4 Rg3+ 45. Kc2 h4 46. Rb1 Nc7
47. Rb7 Kd8 48. Rb8+ Kd7 49. Rh8 Ra3 50. Nxg6 h3 51. Nf8+ Kc6 52. e6 Ra2+ 53.
Kb3 Rh2 54. e7 Rh1 55. Ng6 h2 56. Kc2 Ra1 57. Kb2 h1=Q 58. Ne5+ Kb5 59. Rxh1
Rxh1 60. Nd3 Kxa5 61. Nc5 Re1 0-1

[Event "XXXIV Memorial Edoardo Crespi B"]
[Site "Milano ITA"]
[Date "2013.12.06"]
[Round "3"]
[White "Biava, Pierluigi"]
[Black "Cagnotto, Marco"]
[WhiteElo "1686"]
[BlackElo "1494"]
[Result "1/2-1/2"]
[PlyCount "74"]
[EventDate "2013.12.04"]

1. e4 c5 2. f4 Nc6 3. Nf3 d5 4. exd5 Qxd5 5. Nc3 Qd8 6. Bc4 Nf6 7. O-O Bg4 8.
Be2 e6 9. d3 Bd6 10. Be3 O-O 11. h3 Bf5 12. Ng5 h6 13. Nge4 Bxe4 14. dxe4 Be7
15. e5 Nd5 16. Bd2 Nxc3 17. Bxc3 Qxd1 18. Raxd1 Rad8 19. Bf3 Rxd1 20. Rxd1 Rd8
21. Rxd8+ Nxd8 22. Kf2 Kf8 23. g4 Ke8 24. Ke3 Kd7 25. a4 Nc6 26. Be4 b6 27. Bd3
Nb4 28. f5 Nxd3 29. Kxd3 Bh4 30. Ke4 Kc6 31. b4 Be7 32. b5+ Kd7 33. f6 Bf8 34.
h4 g5 35. hxg5 hxg5 36. Bd2 Bh6 37. a5 Kc7 1/2-1/2

[Event "XXXIV Memorial Edoardo Crespi B"]
[Site "Milano ITA"]
[Date "2013.12.06"]
[Round "3"]
[White "Biot, Thomas"]
[Black "Mazzoccoli, Simone"]
[WhiteElo "1509"]
[BlackElo "1770"]
[Result "1/2-1/2"]
[PlyCount "59"]
[EventDate "2013.12.04"]

1. e4 c5 2. Bc4 d6 3. b4 cxb4 4. a3 Nc6 5. axb4 Nxb4 6. c3 Nc6 7. Qb3 e6 8. d4
g6 9. Nf3 Nf6 10. Nbd2 d5 11. Bd3 Bg7 12. e5 Ng8 13. Qc2 Nge7 14. h4 O-O 15.
Ba3 Re8 16. h5 a5 17. g4 Rb8 18. Bd6 Ra8 19. Ng5 Bd7 20. Ndf3 Nc8 21. Nxf7 Kxf7
22. hxg6+ Kg8 23. gxh7+ Kh8 24. Ba3 N8e7 25. Bc1 Rf8 26. Nh4 Rc8 27. Bg5 Be8
28. Qb2 Qc7 29. f4 Rb8 30. Qa3 1/2-1/2

[Event "XXXIV Memorial Edoardo Crespi B"]
[Site "Milano ITA"]
[Date "2013.12.06"]
[Round "3"]
[White "Bonghi, Fabrizio"]
[Black "Calabrese, Maurizio"]
[WhiteElo "1513"]
[BlackElo "1434"]
[Result "1-0"]
[PlyCount "37"]
[EventDate "2013.12.04"]

1. c4 e5 2. d3 Nf6 3. Nf3 Nc6 4. g3 d6 5. Bg2 Bd7 6. Bg5 Rb8 7. Nc3 h6 8. Bxf6
gxf6 9. a3 Bg7 10. Rb1 Ne7 11. b4 c6 12. O-O O-O 13. e4 Ng6 14. d4 Qe7 15. d5
Rfd8 16. a4 b5 17. dxc6 Bxc6 18. cxb5 d5 19. bxc6 1-0

[Event "XXXIV Memorial Edoardo Crespi B"]
[Site "Milano ITA"]
[Date "2013.12.06"]
[Round "3"]
[White "Borgognoni, Domenico"]
[Black "Pozzi, Luca"]
[WhiteElo "1518"]
[BlackElo "1738"]
[Result "0-1"]
[PlyCount "90"]
[EventDate "2013.12.04"]

1. d4 Nf6 2. e3 e6 3. Nf3 c5 4. c3 b6 5. Bd3 Ba6 6. Bxa6 Nxa6 7. Qd3 Nb8 8.
Nbd2 Be7 9. O-O O-O 10. Re1 Qc7 11. Nf1 c4 12. Qc2 d5 13. Ng3 Bd6 14. e4 Bxg3
15. e5 Bxf2+ 16. Kxf2 Ne4+ 17. Kg1 Nd7 18. Ng5 Nxg5 19. Bxg5 Rae8 20. Qe2 h6
21. Bd2 f6 22. Qg4 Kh7 23. exf6 Nxf6 24. Qh3 Ne4 25. Be3 Rf6 26. Rf1 Ref8 27.
Rxf6 Rxf6 28. Rf1 Qf7 29. Rxf6 Qxf6 30. Qf3 Kg6 31. Qxf6+ gxf6 32. g3 h5 33.
Kg2 b5 34. Kf3 Ng5+ 35. Bxg5 Kxg5 36. h3 a5 37. a3 Kf5 38. Ke3 e5 39. dxe5 fxe5
40. Kf3 d4 41. g4+ hxg4+ 42. hxg4+ Kg5 43. cxd4 exd4 44. Ke4 d3 45. Ke3 a4 0-1

[Event "XXXIV Memorial Edoardo Crespi B"]
[Site "Milano ITA"]
[Date "2013.12.06"]
[Round "3"]
[White "Botta, Massimiliano"]
[Black "Poletto, Daniele"]
[WhiteElo "1695"]
[BlackElo "1752"]
[Result "0-1"]
[PlyCount "20"]
[EventDate "2013.12.04"]

1. e4 c5 2. Nf3 e6 3. d4 cxd4 4. Nxd4 a6 5. Nc3 Qc7 6. Be2 b5 7. a3 Bb7 8. O-O
Nf6 9. Qd3 Nc6 10. f3 Nxd4 0-1

[Event "XXXIV Memorial Edoardo Crespi B"]
[Site "Milano ITA"]
[Date "2013.12.06"]
[Round "3"]
[White "Casati, Ivan Mario"]
[Black "Manca, Renato"]
[WhiteElo "1336"]
[BlackElo "1629"]
[Result "1/2-1/2"]
[PlyCount "72"]
[EventDate "2013.12.04"]

1. d4 Nf6 2. c4 d6 3. Nf3 g6 4. Nc3 Bg7 5. e3 O-O 6. Be2 Nbd7 7. O-O c5 8. a3
cxd4 9. exd4 b6 10. Qc2 Bb7 11. Rd1 Rc8 12. b3 b5 13. Nxb5 Be4 14. Qd2 Ng4 15.
h3 Nh6 16. Bb2 Nf5 17. d5 Bh6 18. Qc3 Bg7 19. Qd2 Nc5 20. Bxg7 Nxg7 21. Nfd4 e6
22. f3 e5 23. Nc6 Rxc6 24. fxe4 Rc8 25. Qe3 f5 26. Bf3 fxe4 27. Bxe4 Rf4 28.
Bc2 Qg5 29. Qe2 Rcf8 30. Rf1 Nh5 31. Rxf4 Nxf4 32. Qg4 Qe7 33. Rf1 a6 34. Nc3
Qa7 35. Kh1 Qg7 36. Ne2 Nxh3 1/2-1/2

[Event "XXXIV Memorial Edoardo Crespi B"]
[Site "Milano ITA"]
[Date "2013.12.06"]
[Round "3"]
[White "Conta, Diego"]
[Black "Gorini, Michele"]
[WhiteElo "1652"]
[BlackElo "1486"]
[Result "1-0"]
[PlyCount "120"]
[EventDate "2013.12.04"]

1. e4 b6 2. Bc4 Bb7 3. d3 e6 4. Nf3 Nf6 5. O-O Be7 6. Nc3 c5 7. Bb3 O-O 8. Re1
d6 9. Bg5 Nc6 10. h3 a6 11. Qe2 Nd7 12. Bxe7 Qxe7 13. Nd1 Na5 14. Ne3 Nxb3 15.
axb3 d5 16. exd5 exd5 17. Nf5 Qxe2 18. Rxe2 Rfe8 19. Rxe8+ Rxe8 20. Nd6 Rb8 21.
Nxb7 Rxb7 22. Rxa6 Kf8 23. Ra8+ Ke7 24. Ra1 f5 25. Nd2 Kf6 26. f4 h6 27. Kf2
Nb8 28. Kf3 Nc6 29. c3 d4 30. g4 g5 31. fxg5+ hxg5 32. gxf5 Ne5+ 33. Ke2 Kxf5
34. Rf1+ Kg6 35. Ne4 Rf7 36. Rxf7 Nxf7 37. cxd4 cxd4 38. Nd2 Kf5 39. Nf3 Kf4
40. Kf2 Ne5 41. Nxe5 Kxe5 42. Kg3 Kf6 43. Kg4 Kg6 44. b4 b5 45. h4 gxh4 46.
Kxh4 Kf5 47. Kg3 Kg5 48. Kf3 Kf5 49. b3 Ke5 50. Kg4 Kd5 51. Kf5 Kd6 52. Ke4 Ke6
53. Kxd4 Kd6 54. Ke4 Ke6 55. d4 Kd6 56. d5 Kc7 57. Ke5 Kd7 58. d6 Kc8 59. Kd5
Kd7 60. Kc5 Ke6 1-0

[Event "XXXIV Memorial Edoardo Crespi B"]
[Site "Milano ITA"]
[Date "2013.12.06"]
[Round "3"]
[White "Costanza, Calogero"]
[Black "Bracco, Valter"]
[WhiteElo "1598"]
[BlackElo "1492"]
[Result "1/2-1/2"]
[PlyCount "66"]
[EventDate "2013.12.04"]

1. d4 Nf6 2. Nf3 d6 3. e3 g6 4. Bd3 Bg7 5. Nbd2 O-O 6. c3 Nbd7 7. O-O e5 8. e4
Re8 9. Re1 Nb8 10. Qb3 Nbd7 11. Nf1 b6 12. Ng5 Rf8 13. Bc4 Qe7 14. Bd2 h6 15.
Nf3 Bb7 16. Rad1 Bxe4 17. Nh4 Bb7 18. Nxg6 Qe8 19. Ng3 d5 20. Nxf8 dxc4 21.
Qxc4 Kxf8 22. Qxc7 Bd5 23. Nf5 Qe6 24. Qd6+ Qxd6 25. Nxd6 e4 26. Nf5 Bxa2 27.
Bxh6 Bxh6 28. Nxh6 Kg7 29. Nf5+ Kg6 30. Nd6 Bd5 31. Re3 a6 32. Rde1 b5 33. Rg3+
Kh7 1/2-1/2

[Event "XXXIV Memorial Edoardo Crespi B"]
[Site "Milano ITA"]
[Date "2013.12.06"]
[Round "3"]
[White "Costisanu, Romica"]
[Black "Primerano, Carlo"]
[WhiteElo "1483"]
[BlackElo "1723"]
[Result "0-1"]
[PlyCount "64"]
[EventDate "2013.12.04"]

1. e4 d6 2. d4 Nf6 3. Nc3 g6 4. h3 Bg7 5. g4 O-O 6. Be2 c5 7. e5 Nfd7 8. f4
cxd4 9. Qxd4 dxe5 10. Qf2 exf4 11. Bxf4 Qa5 12. Bd2 Nc6 13. Nb5 Qb6 14. Be3
Qa5+ 15. Bd2 Qd8 16. c3 a6 17. Na3 Qb6 18. Nc4 Qxf2+ 19. Kxf2 b5 20. Ne3 Bb7
21. Nf3 Na5 22. Rhe1 Rad8 23. b4 Nc6 24. Ng5 Nde5 25. Ne4 Nxb4 26. Nc5 Rxd2 27.
Nxb7 Nc2 28. Nxc2 Rxc2 29. Rad1 Rxc3 30. Rc1 Rxc1 31. Rxc1 Rb8 32. Rc7 Kf8 0-1

[Event "XXXIV Memorial Edoardo Crespi B"]
[Site "Milano ITA"]
[Date "2013.12.06"]
[Round "3"]
[White "D'Apa, Massimo"]
[Black "Silivri, Volkan Resat"]
[WhiteElo "1724"]
[BlackElo "1650"]
[Result "1-0"]
[PlyCount "95"]
[EventDate "2013.12.04"]

1. e4 d6 2. Nf3 Nd7 3. Bc4 e5 4. O-O Be7 5. d4 c6 6. Nc3 Ngf6 7. a4 h6 8. Ne1
exd4 9. Qxd4 Ne5 10. Be2 Ng6 11. f4 Qc7 12. Nf3 b6 13. Kh1 O-O 14. f5 Ne5 15.
Nxe5 dxe5 16. Qf2 Kh7 17. g4 Ng8 18. Be3 Bb7 19. Rg1 g5 20. h4 f6 21. Bc4 Rfd8
22. Qh2 Bc5 23. Bxc5 bxc5 24. hxg5 fxg5 25. Qh5 Qg7 26. Rg2 Nf6 27. Qh3 Rd4 28.
Be6 Nxe4 29. Nxe4 Rxe4 30. Rh2 Rd4 31. Bf7 c4 32. Rf1 c5+ 33. Kg1 Rf8 34. f6
Rxg4+ 35. Qxg4 Qxf7 36. Qxg5 Qg6 37. Qxg6+ Kxg6 38. Rh3 Rxf6 39. Rxf6+ Kxf6 40.
Rxh6+ Kf5 41. Rh7 Be4 42. c3 Kf4 43. Rxa7 Bd3 44. Kf2 Ke4 45. a5 Kd5 46. Ra6
Bf5 47. Rb6 Bc8 48. a6 1-0

[Event "XXXIV Memorial Edoardo Crespi B"]
[Site "Milano ITA"]
[Date "2013.12.06"]
[Round "3"]
[White "Da Campo, Giuseppe"]
[Black "Milazzo, Gianluca"]
[WhiteElo "1628"]
[BlackElo "1485"]
[Result "1-0"]
[PlyCount "57"]
[EventDate "2013.12.04"]

1. d4 Nf6 2. Nf3 g6 3. Bf4 Bg7 4. e3 d6 5. Bd3 O-O 6. Nbd2 Nc6 7. c3 Nd7 8. Qc2
e5 9. dxe5 Ndxe5 10. Nxe5 dxe5 11. Bg3 a5 12. O-O Be6 13. Rad1 f5 14. f4 e4 15.
Bc4 Qe7 16. Qb3 Nd8 17. Bh4 Bf6 18. Bxf6 Rxf6 19. Bxe6+ Rxe6 20. Nc4 Kg7 21.
Rd5 b6 22. Rfd1 Nf7 23. Rd7 Qc5 24. R1d5 Qf8 25. Ne5 Re7 26. Rxe7 Qxe7 27. Rd7
Qxd7 28. Nxd7 Rd8 29. Qe6 1-0

[Event "XXXIV Memorial Edoardo Crespi B"]
[Site "Milano ITA"]
[Date "2013.12.06"]
[Round "3"]
[White "Frignani, Alessandro"]
[Black "Torelli, Mauro"]
[WhiteElo "1369"]
[BlackElo "1713"]
[Result "0-1"]
[PlyCount "62"]
[EventDate "2013.12.04"]

1. e4 e6 2. d4 d5 3. e5 c5 4. c3 Nc6 5. Bb5 Bd7 6. f4 Qa5 7. Bxc6 Bxc6 8. Nf3
Bb5 9. Nbd2 Nh6 10. Nb3 Qb6 11. Be3 Ba4 12. dxc5 Qa6 13. Qc1 Nf5 14. Bd4 Be7
15. Kf2 O-O 16. Nbd2 Rac8 17. b3 Bd7 18. Qc2 Rxc5 19. Bxc5 Bxc5+ 20. Nd4 Nxd4
21. cxd4 Bxd4+ 22. Kg3 Rc8 23. Qd1 Bxa1 24. Qxa1 Qd3+ 25. Nf3 Qg6+ 26. Kh3 f5
27. Ng5 Qh5+ 28. Kg3 Qg4+ 29. Kf2 Rc2+ 30. Ke3 Qe2+ 31. Kd4 Qd2# 0-1

[Event "XXXIV Memorial Edoardo Crespi B"]
[Site "Milano ITA"]
[Date "2013.12.06"]
[Round "3"]
[White "Gonella, Graziano"]
[Black "Cesetti, Egidio"]
[WhiteElo "1155"]
[BlackElo "1606"]
[Result "0-1"]
[PlyCount "54"]
[EventDate "2013.12.04"]

1. e4 c5 2. Nf3 e6 3. d4 cxd4 4. Nxd4 a6 5. Bc4 b5 6. Bd3 Bb7 7. O-O Bc5 8. Be3
Nf6 9. Nd2 Qb6 10. c3 O-O 11. b4 Be7 12. Nf5 Qd8 13. Nxe7+ Qxe7 14. Bc5 d6 15.
Be3 Nbd7 16. f3 Rac8 17. Qc2 Ne5 18. Be2 Rfd8 19. Bb6 Rd7 20. f4 Nc6 21. Rae1
Nxb4 22. Qb3 Nc6 23. Bf3 Qf8 24. Rd1 Ne7 25. e5 Nfd5 26. Bxd5 Nxd5 27. exd6
Nxb6 0-1

[Event "XXXIV Memorial Edoardo Crespi B"]
[Site "Milano ITA"]
[Date "2013.12.06"]
[Round "3"]
[White "Guglielmetti, Oscar"]
[Black "Izzo, Riccardo"]
[WhiteElo "1743"]
[BlackElo "1601"]
[Result "1-0"]
[PlyCount "99"]
[EventDate "2013.12.04"]

1. Nf3 Nc6 2. g3 e5 3. d3 d5 4. Bg2 Nf6 5. O-O h6 6. h3 Bf5 7. Nc3 d4 8. Nb1
Bb4 9. e4 Be6 10. a3 Bd6 11. Nbd2 O-O 12. Nh4 Qd7 13. g4 Nh7 14. Nf5 Bxf5 15.
exf5 Rfe8 16. Ne4 Be7 17. f4 exf4 18. Bxf4 Ng5 19. Nxg5 Bxg5 20. Bxg5 hxg5 21.
Be4 f6 22. Qf3 Ne5 23. Qf2 c6 24. Kg2 Kf7 25. Rh1 Rh8 26. Qg3 Rh4 27. Rae1 a5
28. Qf2 b5 29. Qd2 Qd6 30. c3 a4 31. Rc1 Rc8 32. Qf2 dxc3 33. Rxc3 Ke7 34. Qa7+
Qc7 35. Qc5+ Qd6 36. Qa7+ Qc7 37. Qe3 Kd7 38. Bxc6+ Nxc6 39. Qe6+ Kd8 40. Qg8+
Kd7 41. Qxg7+ Kd8 42. Qg8+ Kd7 43. Qe6+ Kd8 44. Rhc1 Qe7 45. Rxc6 Qxe6 46. fxe6
Rxc6 47. Rxc6 Ke7 48. d4 Rh8 49. d5 Rd8 50. Rc5 1-0

[Event "XXXIV Memorial Edoardo Crespi B"]
[Site "Milano ITA"]
[Date "2013.12.06"]
[Round "3"]
[White "Lamera, Giuseppe"]
[Black "Bianchi, Paolo"]
[WhiteElo "1494"]
[BlackElo "1692"]
[Result "0-1"]
[PlyCount "78"]
[EventDate "2013.12.04"]

1. c4 g6 2. Nc3 Bg7 3. g3 Nf6 4. Bg2 O-O 5. Nf3 c5 6. b3 Nc6 7. Bb2 Rb8 8. Rb1
b6 9. O-O Bb7 10. d3 d5 11. Nxd5 Nxd5 12. Bxg7 Kxg7 13. cxd5 Qxd5 14. Nd2 Qd7
15. Nc4 f6 16. a3 e5 17. Nd2 Nd4 18. Bxb7 Rxb7 19. Ne4 Qe7 20. a4 Rd8 21. e3
Nc6 22. Qe2 Nb4 23. Rfd1 Rbd7 24. f3 Nxd3 25. Nf2 Nxf2 26. Kxf2 Rd6 27. Ke1 Qd7
28. Rxd6 Qxd6 29. Rd1 Qxd1+ 30. Qxd1 Rxd1+ 31. Kxd1 Kf7 32. Kd2 Ke7 33. Kd3 Kd6
34. g4 a6 35. e4 Kc6 36. h3 g5 37. Kc3 b5 38. a5 b4+ 39. Kc4 h6 0-1

[Event "XXXIV Memorial Edoardo Crespi B"]
[Site "Milano ITA"]
[Date "2013.12.06"]
[Round "3"]
[White "Lapitan, Eusebio"]
[Black "Iacchetti, Giovanni"]
[WhiteElo "1668"]
[BlackElo "1728"]
[Result "1/2-1/2"]
[PlyCount "82"]
[EventDate "2013.12.04"]

1. e4 d6 2. f4 Nf6 3. Nc3 g6 4. Nf3 Bg7 5. d4 O-O 6. Be2 Na6 7. O-O c5 8. e5
Nd7 9. Be3 cxd4 10. Bxd4 Nac5 11. exd6 Bxd4+ 12. Qxd4 Ne6 13. Qb4 a5 14. dxe7
axb4 15. exd8=Q Rxd8 16. Nd5 Ndc5 17. Rfd1 Kg7 18. g3 Na4 19. b3 Nc3 20. Nxc3
bxc3 21. Rxd8 Nxd8 22. a4 Nc6 23. Bc4 Bf5 24. Ng5 Bxc2 25. Rc1 Nd4 26. Kf2 Bxb3
27. Bxb3 Nxb3 28. Rxc3 Nd4 29. Rc7 h6 30. Nxf7 Rxa4 31. Nd6+ Kf6 32. Rxb7 Ra2+
33. Ke3 Nf5+ 34. Nxf5 Kxf5 35. h3 Ra3+ 36. Kf2 Ra2+ 37. Ke1 Ra3 38. Rb5+ Ke4
39. Re5+ Kf3 40. Re6 Re3+ 41. Rxe3+ Kxe3 1/2-1/2

[Event "XXXIV Memorial Edoardo Crespi B"]
[Site "Milano ITA"]
[Date "2013.12.06"]
[Round "3"]
[White "Madaschi, Sergio"]
[Black "Figini, Vittorio"]
[WhiteElo "1561"]
[BlackElo "1468"]
[Result "0-1"]
[PlyCount "120"]
[EventDate "2013.12.04"]

1. e4 c5 2. Nf3 Nc6 3. Nc3 a6 4. d3 d6 5. g3 g6 6. Bg2 Bg7 7. Bd2 Nf6 8. O-O
O-O 9. Rb1 e5 10. Bg5 b5 11. Nd5 Be6 12. c4 Bxd5 13. cxd5 Nd4 14. Nxd4 cxd4 15.
Qd2 Qb6 16. Rbc1 Rfc8 17. Rc2 Ne8 18. Rfc1 Rxc2 19. Rxc2 f6 20. Bh6 Qb7 21.
Bxg7 Kxg7 22. Bh3 a5 23. Qc1 Ra7 24. Bc8 Qe7 25. Be6 Nc7 26. Bh3 Na6 27. a3 Nc5
28. Qd1 Qb7 29. b4 axb4 30. axb4 Na4 31. Rc6 Nc3 32. Qg4 Na2 33. Rxd6 Nxb4 34.
Rd7+ Qxd7 35. Qxd7+ Rxd7 36. Bxd7 Nxd3 37. Bxb5 Nb2 38. d6 Kf8 39. Kf1 Nd1 40.
Ke1 Nc3 41. Bc6 g5 42. h4 h6 43. f3 Nb1 44. Kd1 Na3 45. Ba4 Nc4 46. d7 Ke7 47.
Ke2 Nb6 48. Bb5 Nxd7 49. Bxd7 Kxd7 50. f4 g4 51. fxe5 fxe5 52. Kd3 Kc6 53. Kc4
h5 54. Kb4 Kb6 55. Kc4 Ka5 56. Kd3 Kb5 57. Kc2 Kc4 58. Kd2 d3 59. Kc1 Kd4 60.
Kd2 Kxe4 0-1

[Event "XXXIV Memorial Edoardo Crespi B"]
[Site "Milano ITA"]
[Date "2013.12.06"]
[Round "3"]
[White "Mandelli, Giacomo"]
[Black "Ceraulo, Carlo Alberto"]
[WhiteElo "1677"]
[BlackElo "1508"]
[Result "1-0"]
[PlyCount "45"]
[EventDate "2013.12.04"]

1. e4 c6 2. d4 d5 3. e5 Bf5 4. Nf3 e6 5. Be2 c5 6. c4 cxd4 7. Nxd4 Bxb1 8. Qa4+
Qd7 9. Nb5 Nc6 10. Rxb1 a6 11. O-O Qd8 12. Nd4 Qa5 13. Qxa5 Nxa5 14. cxd5 exd5
15. Bf4 Bc5 16. Nf5 g6 17. Nd6+ Kf8 18. Bf3 Ne7 19. b4 Bxf2+ 20. Rxf2 Nc4 21.
Bh6+ Kg8 22. Nxf7 Kxf7 23. Bxd5+ 1-0

[Event "XXXIV Memorial Edoardo Crespi B"]
[Site "Milano ITA"]
[Date "2013.12.06"]
[Round "3"]
[White "Mason, Giovanni"]
[Black "Altissimo, Dino"]
[WhiteElo "1574"]
[BlackElo "1474"]
[Result "1-0"]
[PlyCount "59"]
[EventDate "2013.12.04"]

1. e4 e5 2. Nf3 d6 3. c3 Nf6 4. d3 Be6 5. Bg5 Be7 6. Bxf6 Bxf6 7. d4 O-O 8. d5
Bg4 9. Be2 Nd7 10. h3 Bh5 11. Nbd2 h6 12. g4 Bg6 13. Qc2 Nc5 14. b4 Nd7 15. O-O
Bh4 16. Nxh4 Qxh4 17. Kh2 Qg5 18. Rg1 Qf4+ 19. Kg2 Nf6 20. Bd3 Nh7 21. f3 Ng5
22. h4 Nh7 23. h5 Bxh5 24. gxh5 Qg5+ 25. Kf2 Qh4+ 26. Kf1 Ng5 27. Qd1 Qh3+ 28.
Kf2 f6 29. Rh1 Qd7 30. Qg1 1-0